| 000 | 00684nam a22002055a 4500 | ||
|---|---|---|---|
| 005 | 20161204133537.0 | ||
| 008 | 161204t2016 ii a fr 001 0 eng d | ||
| 020 | _a9789352501120 | ||
| 040 |
_aEG-ScBUE _beng _cEG-ScBUE _dEG-ScBUE |
||
| 082 | 0 | 4 |
_222 _bKUM _a616.01 |
| 100 | 1 |
_938899 _aKumar, Surinder. |
|
| 245 | 1 | 0 |
_aTextbook of microbiology for diploma in general nursing and midwifery students / _cSurinder Kumar. |
| 260 |
_aNew Delhi : _bThe Health Sciences Publisher, _cc.2016. |
||
| 300 |
_axiii, 189 p. : _bill. ; _c24 cm. |
||
| 500 | _aIndex : p. 181-189. | ||
| 650 | 7 |
_2BUEsh _912324 _aMedical microbiology. |
|
| 651 | _2BUEsh | ||
| 653 |
_bNNUR _cDecember2016 |
||
| 942 | _2ddc | ||
| 999 |
_c23434 _d23406 |
||